Vista normal Vista MARC

Entrada Materia (personas)

Número de registros utilizados en: 5

001 - CONTROL NUMBER

  • control field: 90282

003 - CONTROL NUMBER IDENTIFIER

  • control field: Co-BoUCM

005 - DATE AND TIME OF LATEST TRANSACTION

  • control field: 20171212094703.0

008 - FIXED-LENGTH DATA ELEMENTS

  • fixed length control field: 171212|| aca||aabn | a|a d

040 ## - CATALOGING SOURCE

  • Original cataloging agency: Co-BoUCM
  • Transcribing agency: Co-BoUCM

100 ## - HEADING--PERSONAL NAME

  • Personal name: Lagrange, Marie-Joseph
  • Dates associated with a name: 1855-1938

670 ## - SOURCE DATA FOUND

  • Source citation: Work cat.: (Co-BoUCM): Lagrange, Marie-Joseph 1855-1938, Évangile selon Saint Luc, 1927